| 000 | 01096nam a2200301 i 4500 | ||
|---|---|---|---|
| 003 | DO-SdBNP | ||
| 005 | 20251126081634.0 | ||
| 007 | ta | ||
| 008 | 251126b2021 dr ||||| |||| 00| 0 spa d | ||
| 020 | _a9789945808155 | ||
| 040 |
_aDO-SdBNP _bspa _cBNPHU _erda |
||
| 041 | _aspa | ||
| 082 | 4 |
_axxx _bxxx _222 |
|
| 100 | 1 |
_aSoto Jiménez, José Miguel, _d1956- _eautor _4aut. _911668 |
|
| 245 | 1 | 4 |
_aLos recuerdos de trancajilo / _cJosé Miguel Soto Jiménez ; edición, Juan Carlos Mieses ; prólogo, Ramón Colombo |
| 264 |
_aSanto Domingo, República Dominicana : _bImpresora Soto, _c2021. |
||
| 300 |
_a111 páginas ; _c21 cm. |
||
| 336 |
_atexto _btxt _2rdacontent |
||
| 337 |
_asin mediación _bn _2rdamedia |
||
| 338 |
_avolumen _bnc _2rdacarrier |
||
| 500 | _aIncluye datos biográficos del autor en las solapas | ||
| 500 | _aEstampa a tres voces de un guardia cibaeño de los tiempos de antes | ||
| 590 | _aInventariado, 2025/BT | ||
| 700 | 1 |
_aMieses, Juan Carlos, _eeditor _4ed. _985214 |
|
| 700 | 1 |
_aColombo, Ramón, _eprologuista _4pr. _98369 |
|
| 910 | _aBtavárez | ||
| 942 |
_2ddc _cLBS1 |
||
| 999 |
_c60071 _d60071 |
||